书目信息 |
| 题名: |
地方文献检索概论
|
|
| 作者: | 张宝泉 , 孙秀惠 , 李志超 著 | |
| 分册: | ||
| 出版信息: | 兰州 敦煌文艺出版社 2020 |
|
| 页数: | 349页 | |
| 开本: | 24cm | |
| 丛书名: | 地方文献检索与利用丛书 | |
| 单 册: | ||
| 中图分类: | G254.9 | |
| 科图分类: | ||
| 主题词: | 地方文献--di fang wen xian--信息检索 | |
| 电子资源: | ||
| ISBN: | 978-7-5468-1872-6 | |
| 000 | 01230oam2 2200277 450 | |
| 001 | 2159524551 | |
| 005 | 20211011172912.0 | |
| 010 | @a978-7-5468-1872-6@dCNY89.00 | |
| 100 | @a20200921d2020 em y0chiy0120 ea | |
| 101 | 0 | @achi |
| 102 | @aCN@b620000 | |
| 105 | @aa z 000yy | |
| 106 | @ar | |
| 200 | 1 | @a地方文献检索概论@Adi fang wen xian jian suo gai lun@f张宝泉,孙秀惠,李志超著 |
| 210 | @a兰州@c敦煌文艺出版社@d2020 | |
| 215 | @a349页@c图@d24cm | |
| 225 | 2 | @a地方文献检索与利用丛书@Adi fang wen xian jian suo yu li yong cong shu@f张宝泉,王守栋,魏训田主编 |
| 330 | @a本书内容分为上下两编,上编为“文献检索通论”,包括 “文献基本知识”“文献检索基本原理”“文献检索工具书”“数字化信息检索”共四章内容。下编为“地方文献检索专论”,包括 “地方文献概述”“地方文献检索工具书”“地方文献数据库”共三章内容。附录介绍了德州地方文献研究中心的相关情况,可为地方文献的收集、整理和研究提供一个案例。 | |
| 461 | 0 | @12001 @a地方文献检索与利用丛书 |
| 606 | 0 | @a地方文献@Adi fang wen xian@x信息检索 |
| 690 | @aG254.9@v5 | |
| 701 | 0 | @a张宝泉@Azhang bao quan@f(1966-)@4著 |
| 701 | 0 | @a孙秀惠@Asun xiu hui@4著 |
| 701 | 0 | @a李志超@Ali zhi chao@4著 |
| 801 | 0 | @aCN@b百万庄@c20211009 |
| 905 | @b1308088-091@dG254.9@e156@f4 | |
| 地方文献检索概论/张宝泉,孙秀惠,李志超著.-兰州:敦煌文艺出版社,2020 |
| 349页:图;24cm.-(地方文献检索与利用丛书/张宝泉,王守栋,魏训田主编) |
| ISBN 978-7-5468-1872-6:CNY89.00 |
| 本书内容分为上下两编,上编为“文献检索通论”,包括 “文献基本知识”“文献检索基本原理”“文献检索工具书”“数字化信息检索”共四章内容。下编为“地方文献检索专论”,包括 “地方文献概述”“地方文献检索工具书”“地方文献数据库”共三章内容。附录介绍了德州地方文献研究中心的相关情况,可为地方文献的收集、整理和研究提供一个案例。 |
| ● |
| 相关链接 |
|
|
|
|
正题名:地方文献检索概论
索取号:G254.9/156
 
预约/预借
| 序号 | 登录号 | 条形码 | 馆藏地/架位号 | 状态 | 备注 |
| 1 | 1308088 | 213080887 | 第一样本阅览室/ [索取号:G254.9/156] | 在馆 | |
| 2 | 1308089 | 213080896 | 第四借阅区/ [索取号:G254.9/156] | 在馆 | |
| 3 | 1308090 | 213080903 | 第四借阅区/ [索取号:G254.9/156] | 在馆 | |
| 4 | 1308091 | 213080912 | 第四借阅区/ [索取号:G254.9/156] | 在馆 |